| 000 | 00855cam a2200265 p 4500 | ||
|---|---|---|---|
| 001 | 7535 | ||
| 003 | BD-RjUL | ||
| 005 | 20211208234432.0 | ||
| 008 | 150114r19841976ja a 001 0 eng | ||
| 035 | _a(BD-RjUL)7579 | ||
| 040 |
_aDLC _cDLC _dDLC _dBD-RjUL _beng |
||
| 041 | _aeng | ||
| 082 | 0 | 0 |
_a495.682421 _bYOJ |
| 100 | 1 |
_aYoshida, Yasuo, _d1927- _923505 |
|
| 245 | 1 | 0 |
_aJapanese for beginners / _cauthors, Yasuo Yoshida, Naoomi Kuratani, Shunsuke Okunishi. |
| 260 |
_a[Tokyo] : _bGakken, _cc1976 [Impression 1984]. |
||
| 300 |
_a208 p. : _c22 cm. _bill. ; |
||
| 504 | _aIncludes index. | ||
| 650 | 0 |
_aJapanese language _xTextbooks for foreign speakers. _923506 |
|
| 700 | 1 |
_aKuratani, Naoomi, _d1938- _ejoint author. _923507 |
|
| 700 | 1 |
_aOkunishi, Shunsuke, _ejoint author. _923508 |
|
| 942 |
_2ddc _cBK |
||
| 999 |
_c7535 _d7535 |
||